000 00654nam a2200229Ia 4500
003 OSt
005 20220927104753.0
006 a|||||r|||| 00| 0
007 ta
008 220926b |||||||| |||| 00| 0 eng d
024 _a147887
037 _cReference Collections
040 _aRTL
_cRTL
_beng
041 _2eng
_aeng
082 _a"Yx.2w.B55, K5/GD"
110 _a"INDIA, LOK SABHA, PUBLIC ACCOUNTS ( Committee)"
_9367187
245 0 _a34 Report
260 _c1965
700 _a"INDIA, LOK SABHA, PUBLIC ACCOUNTS ( Committee)"
_9367188
942 _h"Yx.2w.B55, K5/GD"
_cCC
999 _c688592
_d688592